| 000 | 00374nam a22001457a 4500 | ||
|---|---|---|---|
| 005 | 20250314045952.0 | ||
| 008 | 250314b |||||||| |||| 00| 0 eng d | ||
| 082 |
_222 _a894 _bSIL |
||
| 100 | _aG.manikkavasagan | ||
| 245 |
_aSillappathikaram _bThelivoorai |
||
| 260 |
_aColombo _bUnie Arts (Private) Ltd _c2016 |
||
| 300 | _a532 p ., | ||
| 650 | _aSilappathikaraam | ||
| 942 | _cL | ||
| 999 |
_c5992 _d5992 |
||